La contabilidad: su importancia y utilidad

Salvato in:
Dettagli Bibliografici
Natura: Libro
Lingua:spagnolo
Pubblicazione: Buenos Aires Codex 1971
Buenos Aires CRAT 1971
Buenos Aires AID 1971
Serie:Tema, 4
Soggetti:
Tags: Aggiungi Tag
Nessun Tag, puoi essere il primo ad aggiungerne!!

MARC

LEADER 00000nam a2200000 a 4500
001 UCR9856
003 CL-VaPUC
008 980619e19710000ag |||||||||||||||||spa|d
082 0 4 |a 657  |b CON  |2 21 
245 1 3 |a La contabilidad: su importancia y utilidad 
300 |a 52 p 
942 |c BK 
945 |d 19980619 00:00:00  |a cmena 
260 |a Buenos Aires  |b Codex  |c 1971 
260 |a Buenos Aires  |b CRAT  |c 1971 
260 |a Buenos Aires  |b AID  |c 1971 
650 0 |a Contabilidad   |9 261430 
650 0 |a Administración financiera  |9 261146 
650 0 |a Auditoría  |9 307008 
650 0 |a Contabilidad de costos   |9 260564 
650 0 |a Costos   |9 261063 
650 0 |a Estados de cuentas  |9 352305 
650 0 |a Control presupuestario  |9 345693 
650 0 |a Operaciones administrativas  |9 335045 
583 |a last modification  |c 20171005 02:09:31  |k Rodrigo Vera 
490 0 |a Tema, 4 
999 |c 271032  |d 271030 
952 |0 0  |1 0  |4 0  |6 657_000000000000000_CON_1971_1971_1971  |7 0  |8 P  |9 305521  |a BIBGIM  |b BIBGIM  |d 2019-11-20  |i 1422367  |o 657 CON 1971 1971 1971  |p 1422367  |r 2025-01-15  |w 2019-11-20  |y BK  |k COM 
952 |0 0  |1 0  |4 0  |6 657_000000000000000_CON_1971_1971_1971  |7 0  |8 P  |9 305522  |a BIBGIM  |b BIBGIM  |d 2019-11-20  |i 1422375  |o 657 CON 1971 1971 1971  |p 1422375  |r 2025-01-15  |w 2019-11-20  |y BK  |k COM